[Event "NED-ch op U18"]
[Site "Enschede"]
[Date "2010.08.12"]
[Round "6"]
[White "Rijksen, Arnold"]
[Black "Leentvaar, Maurits"]
[Result "0-1"]
[WhiteElo "1556"]
[BlackElo "1481"]
[PlyCount "90"]
[EventDate "2010.08.09"]
[EventType "swiss"]
[EventRounds "9"]
[EventCountry "NED"]
[SourceTitle "CBM 137 Extra"]
[Source "ChessBase"]
[SourceDate "2010.09.01"]
[SourceVersion "1"]
[SourceVersionDate "2010.09.01"]
[SourceQuality "1"]

1. e4 c5 2. Nf3 d6 3. d4 cxd4 4. Nxd4 Nf6 5. Nc3 g6 6. f3 Bg7 7. Be3 0-0 8. Qd2 Nc6 9. g4 Bd7 10. h4 h5 11. gxh5 Nxh5 12. 0-0-0 Rc8 13. Be2 Qa5 14. Nb3 Qc7 15. Nd5 Qd8 16. Rdg1 e6 17. Nc3 Nb4 18. Bd4 Kh7 19. Bxg7 Kxg7 20. Qxd6 Nc6 21. f4 Nf6 22. h5 Rh8 23. Nc5 Qc7 24. Nb5 Qxd6 25. Nxd6 Nd4 26. Nxc8 Nxe2+ 27. Kd1 Nxg1 28. e5 Bxc8 29. exf6+ Kxf6 30. Rxg1 Rxh5 31. Ne4+ Ke7 32. Rf1 b6 33. Kd2 Rh2+ 34. Kc3 Ba6 35. Ng3 Bxf1 36. Nxf1 Rf2 37. Ne3 Rxf4 38. Nc4 g5 39. Ne5 g4 40. Kd2 g3 41. Ke3 g2 42. Kxf4 g1Q 43. Ke4 Qg2+ 44. Kd3 Qd5+ 45. Kc3 Qxe5+ 0-1

[Event "Spijkenisse op"]
[Site "Spijkenisse"]
[Date "2010.05.15"]
[Round "2"]
[White "Roomer, Hans"]
[Black "Leentvaar, Maurits"]
[Result "0-1"]
[WhiteElo "1428"]
[BlackElo "1238"]
[PlyCount "63"]
[EventDate "2010.05.14"]
[EventType "swiss"]
[EventRounds "6"]
[EventCountry "NED"]
[SourceTitle "CBM 136 Extra"]
[Source "ChessBase"]
[SourceDate "2010.07.02"]
[SourceVersion "2"]
[SourceVersionDate "2010.07.15"]
[SourceQuality "1"]

1. e4 c5 2. c4 Nc6 3. d3 g6 4. Bd2 Bg7 5. Nc3 Nf6 6. Nf3 d6 7. h3 0-0 8. Rb1 Bd7 9. Be2 a6 10. a4 Qc7 11. Qc1 Rfb8 12. Bh6 Bh8 13. Bg5 Na7 14. 0-0 b5 15. Bxf6 Bxf6 16. Nd5 Qd8 17. b3 bxa4 18. bxa4 Rxb1 19. Qxb1 Rb8 20. Qa2 Bg7 21. Bd1 e6 22. Nf4 Qb6 23. Bc2 Qb2 24. Qxb2 Rxb2 25. Rb1 Rxb1+ 26. Bxb1 Bxa4 27. Ba2 Nc6 28. Nd2 Nb4 29. Bb1 Bc3 30. Nf1 a5 31. g3 Bd1 32. Ne3 0-1